000
00263nam a2200085Ia 4500
245
0
_a
Russia : a journey to the heart of a land and its people
100
_a
DIMBLEBY, Jonathan London, 2009
_9
79366
942
_c
BK
008
210817s9999 xx 000 0 und d
999
_c
276626
_d
276625